Howard Pyle, the artist, the legacy.

Bibliographic Details
Main Author: Pyle, Howard, 1853-1911
Corporate Authors: Delaware Art Museum, Brandywine River Museum
Format: Book
Language:English
Published: [Wilmington, Del.] : [Delaware Art Museum], [1987]
Subjects:

MARC

Tag First Indicator Second Indicator Subfields
LEADER 00000cam a2200000 a 4500
001 in00000013318
005 20151007052359.0
008 870218s1987 deua cb 00010 eng
010 |a  87005338  
035 |a (OCoLC)15280984 
035 |9 AAA7532AM 
040 |a DLC  |c DLC  |d TXA  |d UtOrBLW 
043 |a n-us--- 
049 |a TXAS  |c [A08599327] 
050 0 0 |a N6537.P94  |b A4 1987 
082 0 |a 741.6/092/4  |2 19 
100 1 |a Pyle, Howard,  |d 1853-1911. 
245 1 0 |a Howard Pyle, the artist, the legacy. 
264 1 |a [Wilmington, Del.] :  |b [Delaware Art Museum],  |c [1987] 
264 4 |c ©1987 
300 |a 38 pages :  |b illustrations (some color) ;  |c 30 cm. 
336 |a text  |b txt  |2 rdacontent 
337 |a unmediated  |b n  |2 rdamedia 
338 |a volume  |b nc  |2 rdacarrier 
500 |a Cover title: Howard Pyle, the artist & his legacy. 
500 |a Running title: Howard Pyle, the artist, his legacy. 
500 |a 8 plates in pocket. 
500 |a Accompanied by "Exhibition checklist" (27 pages ; 28 cm.). 
504 |a Bibliography: pages 37-38. 
505 0 |a The artist, Delaware Art Museum, March 29-June 21, 1987 -- The legacy, Brandywine River Museum, March 29-May 17, 1987. 
600 1 0 |a Pyle, Howard,  |d 1853-1911  |x Exhibitions. 
600 1 0 |a Pyle, Howard,  |d 1853-1911  |x Friends and associates  |x Influence  |x Exhibitions. 
650 0 |a Art, American  |v Exhibitions. 
650 0 |a Art, American  |y 19th century  |v Exhibitions. 
650 0 |a Art, American  |y 20th century  |v Exhibitions. 
710 2 |a Delaware Art Museum. 
710 2 |a Brandywine River Museum. 
740 0 |a Howard Pyle, the artist & his legacy. 
740 0 |a Howard Pyle, the artist, his legacy. 
999 |a MARS 
999 f f |s 2d99d2f0-fde3-39dd-8431-c5e09b5a7f46  |i 928e487a-0f85-301c-9d88-e99f3a52c854  |t 0 
952 f f |p noncirc  |a Texas A&M University  |b College Station  |c Cushing Memorial Library & Archives  |d Cushing: Dykes (Does not check out)  |t 0  |e N6537.P94 A4 1987  |h Library of Congress classification  |i unmediated -- volume  |m A14853125387 
952 f f |p noncirc  |a Texas A&M University  |b College Station  |c Cushing Memorial Library & Archives  |d Cushing: Dykes (Does not check out)  |t 0  |e N6537.P94 A4 1987  |h Library of Congress classification  |i unmediated -- volume  |m A14853125398 
998 f f |a N6537.P94 A4 1987  |t 0  |l Cushing: Dykes (Does not check out) 
998 f f |a N6537.P94 A4 1987  |t 0  |l Cushing: Dykes (Does not check out)